00377nam a2200145Ia 4500008004100000020001500041041000800056082001600064100002500080245002100105250000600126260006100132300001800193650002000211210716s2003 xx 000 0 und d a0070402248 aeng a657.42 KHAM aKhan, M Y;Jain, P K. aCost accounting. a1 aNew DelhibTata McGraw Hill Publishing Company Ltdc2003 a1.3,19.48,I.8 aCost Accounting